Rock Hit Songs of the Past and Today - Statistics

General Stats
  • This quiz has been taken 528 times
  • The average score is 12 of 36
Answer Stats
Song (First Released) Sung By % Correct
Paint It Black (1966) The Rolling Stones
90%
Welcome to the Jungle (1987) Guns N' Roses
85%
You Give Love a Bad Name (1986) Bon Jovi
82%
T.N.T. (1976) AC/DC
70%
Iron Man (1971) Black Sabbath
70%
Fortunate Son (1969) Creedence Clearwater Revival
68%
Song 2 (1997) Blur
61%
The Show Must Go On (1991) Queen
60%
Black Hole Sun (1994) Soundgarden
60%
In Bloom (1992) Nirvana
54%
Sweet Emotion (1975) Aerosmith
53%
Even Flow (1992) Pearl Jam
47%
I Wanna Rock (1984) Twisted Sister
45%
Take Me Out (2004) Franz Ferdinand
41%
Do I Wanna Know? (2013) Arctic Monkeys
32%
18 and Life (1989) Skid Row
30%
Rooster (1993) Alice in Chains
28%
Interstate Love Song (1994) Stone Temple Pilots
27%
No One Like You (1982) Scorpions
26%
Until It Sleeps (1996) Metallica
22%
Like a Stone (2003) Audioslave
21%
I Hate Everything About You (2003) Three Days Grace
19%
Bodies (2001) Drowning Pool
18%
Fire Woman (1989) The Cult
15%
Change (In the House of Flies) (2000) Deftones
14%
I Stand Alone (2002) Godsmack
14%
Falling Away from Me (1999) Korn
14%
Sweating Bullets (1993) Megadeth
13%
I Miss the Misery (2012) Halestorm
7%
A Warrior's Call (2011) Volbeat
5%
Lydia (2015) Highly Suspect
3%
Devil (2018) Shinedown
3%
Are You Ready (2018) Disturbed
2%
Betray and Degrade (2016) Seether
2%
Joyride (Omen) (2016) Chevelle
1%
Painless (2017) Fozzy
1%
No matching quizzes found
Score Distribution
Percent of People with Each Score
Percentile by Number Answered
Your Score History
You have not taken this quiz